Códigos de Chile
Guardat en:
| Autor principal: | |
|---|---|
| Format: | Llibre |
| Idioma: | espanyol |
| Publicat: |
Santiago
Capriolo & Massimino
1898
|
| Matèries: | |
| Etiquetes: |
Afegir etiqueta
Sense etiquetes, Sigues el primer a etiquetar aquest registre!
|
MARC
| LEADER | 00000nam a2200000 a 4500 | ||
|---|---|---|---|
| 001 | UCR4322 | ||
| 003 | CL-VaPUC | ||
| 008 | 980307e18980000CL |||||||||||||||||spa|d | ||
| 082 | 0 | 4 | |a 348.83 |b ROJ |2 21 |
| 100 | 0 | |a Rojas Mery, Eulojio |e author |9 404227 | |
| 245 | 1 | 0 | |a Códigos de Chile |
| 300 | |a 1579 p | ||
| 942 | |c BK | ||
| 945 | |d 19980307 00:00:00 |a aolguin | ||
| 260 | |a Santiago |b Capriolo & Massimino |c 1898 | ||
| 650 | 0 | |a Códigos |9 352314 | |
| 650 | 7 | |a CONSTITUCIONES POLITICAS |2 CL-VaPUC |9 395705 | |
| 650 | 0 | |a Derecho civil |9 255013 | |
| 650 | 0 | |a Procedimiento civil |9 254870 | |
| 650 | 0 | |a Derecho comercial |9 256340 | |
| 650 | 0 | |a Procedimiento penal |9 254974 | |
| 650 | 0 | |a Derecho minero |9 257109 | |
| 650 | 7 | |a LEY ORGANICA DE TRIBUNALES |2 CL-VaPUC |9 398189 | |
| 651 | 7 | |a CHILE |2 CL-VaPUC |9 404228 | |
| 583 | |a last modification |c 19980307 00:00:00 |k Rodrigo Vera | ||
| 999 | |c 267267 |d 267265 | ||
| 952 | |0 0 |1 0 |2 ddc |4 0 |5 1 |6 348_830000000000000_ROJ_1898 |7 1 |8 C_LRYV |9 299531 |a FDOBRV |b BIBDER |d 2019-11-20 |i 1953524 |o 348.83 ROJ 1898 |p 1953524 |r 2023-01-25 |w 2019-11-20 |y BK_X |k BRV | ||